Úřední list Československé republiky Díl. 1. Nařizovací

Guardado en:
Detalles Bibliográficos
Formato: Seriadas
Lenguaje:checo
Publicado: Praha Ministerstvo vnitra 1950
Etiquetas: Agregar Etiqueta
Sin Etiquetas, Sea el primero en etiquetar este registro!

MARC

LEADER 00000nas2a2200000$$$4500
001 0012729
005 20250730114311.2
041 0 |a cze 
044 |a CZ 
245 1 0 |a Úřední list Československé republiky  |b Díl. 1. Nařizovací 
264 1 |a Praha  |b Ministerstvo vnitra  |c 1950 
300 |a 1 zv. 
773 0 |w eu_un_cat*0012723